| 000 -ლიდერი |
| ფიქსირებული სიგრძის საკონტროლო ველი |
01897nam a2200325Ia 4500 |
| 001 - საკონტროლო ნომერი |
| საკონტროლო ველი |
16511 |
| 003 - საკონტროლო ნომრის იდენტიფიკატორი |
| საკონტროლო ველი |
GE_BSU |
| 005 - ბოლო ოპერაციის თარიღი და დრო |
| საკონტროლო ველი |
20250123173518.0 |
| 008 - ფიქსირებული სიგრძის მონაცემთა ელემენტები - ზოგადი ინფორმაცია |
| ფიქსირებული სიგრძის საკონტროლო ველი |
181216s2010||||ge |||||||||||||| ||geo|| |
| 020 ## - წიგნის საერთაშორისო სტანდარტული ნომერი |
| International Standard Book Number |
978-9941-422-08-9 |
| 040 ## - კატალოგიზაციის წყარო |
| Transcribing agency |
GE_BSU |
| 041 ## - ენის კოდი |
| Language code of text/sound track or separate title |
geo |
| 100 ## - მთავარი ჩანაწერი - პიროვნების სახელი |
| Personal name |
გამსახურდია, კ. (კონსტანტინე, 1891-1975) |
| 9 (RLIN) |
16499 |
| 245 ## - ცნობა სათაურის შესახებ |
| Title |
მთვარის მოტაცება : |
| Remainder of title |
ტრილოგია. კარი 1 / |
| Statement of responsibility, etc |
[შემდგ. მანანა არჩვაძე-გამსახურდია ; სარედ. ჯგუფი : ზურაბ აბაშიძე [და სხვ.]]. |
| 264 ## - წარმოების, გამოცემის, დისტრიბუციის და სხვა ცნობები |
| გამოცემის, წარმოების, დისტრიბუციის... ადგილი |
თბილისი : |
| გამოცემის, წარმოების, დისტრიბუციის... სახელწოდება |
პალიტრა L, |
| გამოცემის, წარმოების, დისტრიბუციის... თარიღი |
2010. |
| 300 ## - ფიზიკური აღწერა |
| Extent |
312 გვ. ; |
| Dimensions |
20 სმ. |
| 490 ## - სერიის ცნობა |
| Series statement |
ქართული პროზის საგანძური, 1987-8850 : |
| Volume number/sequential designation |
ტ. 24 |
| 500 ## - ზოგადი შენიშვნა |
| General note |
ტექსტი მომზადებულია 1936 წლის გამოცემის მიხედვით |
| 500 ## - ზოგადი შენიშვნა |
| General note |
ზოგიერთ სიტყვათა განმარტებისათვის : გვ. 296-310 |
| 520 ## - SUMMARY, ETC. |
| Summary, etc |
ტექსტი მომზადებულია 1936 წლის გამოც. მიხედვით. |
| 653 ## - INDEX TERM--UNCONTROLLED |
| Uncontrolled term |
მთვარის მოტაცება |
| 653 ## - INDEX TERM--UNCONTROLLED |
| Uncontrolled term |
რომანი |
| 653 ## - INDEX TERM--UNCONTROLLED |
| Uncontrolled term |
ტრილოგია |
| 700 ## - ADDED ENTRY--PERSONAL NAME |
| Personal name |
არჩვაძე-გამსახურდია, მანანა |
| Relator term |
შემდგენელი |
| 9 (RLIN) |
24107 |
| 700 ## - ADDED ENTRY--PERSONAL NAME |
| Personal name |
აბაშიძე, ზურაბ |
| Relator term |
რედაქტორი |
| 9 (RLIN) |
1322 |
| 700 ## - ADDED ENTRY--PERSONAL NAME |
| Personal name |
ჯანელიძე, მანანა |
| Relator term |
რედაქტორი |
| 9 (RLIN) |
1323 |
| 700 ## - ADDED ENTRY--PERSONAL NAME |
| Personal name |
ხარშილაძე, ირმა |
| Relator term |
რედაქტორი |
| 9 (RLIN) |
24108 |
| 942 ## - ADDED ENTRY ELEMENTS (KOHA) |
| Koha item type |
წიგნი |
| Source of classification or shelving scheme |
|